Evangelism - a Bible study in five lessons. (Record no. 11021)

000 -LEADER
fixed length control field 00578nam a2200193 a 4500
001 - CONTROL NUMBER
control field :::00008814$&:&@@
003 - CONTROL NUMBER IDENTIFIER
control field OkBaRHE
005 - DATE AND TIME OF LATEST TRANSACTION
control field 20000607103346.0
008 - FIXED-LENGTH DATA ELEMENTS--GENERAL INFORMATION
fixed length control field s1983 j 000 0 eng u
040 ## - CATALOGING SOURCE
Transcribing agency
100 1# - MAIN ENTRY--PERSONAL NAME
Personal name Tucker, Ron.
245 10 - TITLE STATEMENT
Title Evangelism - a Bible study in five lessons.
260 ## - PUBLICATION, DISTRIBUTION, ETC. (IMPRINT)
Place of publication, distribution, etc Maryland Heights, MO., :
Name of publisher, distributor, etc Grace World Outreach Center
Date of publication, distribution, etc 1983
300 ## - PHYSICAL DESCRIPTION
Extent 32 p.
650 ## - SUBJECT ADDED ENTRY--TOPICAL TERM
Topical term or geographic name as entry element Evangelism
650 ## - SUBJECT ADDED ENTRY--TOPICAL TERM
Topical term or geographic name as entry element Evangelistic Work
942 ## - ADDED ENTRY ELEMENTS (KOHA)
Source of classification or shelving scheme
Koha item type Books
Copies
Withdrawn status Damaged status Source of classification or shelving scheme Date acquired Not for loan Price effective from Koha item type Barcode Permanent Location Lost status Full call number Shelving location Copy number Date last seen
   2010-04-14 2010-04-14Books8814RHEMA Bible Training College BV 3795 .T8General Stacks12010-04-14